000 00696nam a2200205 a 4500
005 20140412111310.0
008 010424s19uu xx 00 eng d
020 _a0-06-443171-1
050 _aTR(PS E
_bSh7 1986
100 _aWinthrop, Elizabeth
245 _aShoes /
_cby Elizabeth Winthrop; illustrated by William Joyce.
260 _aU. S. A :
_bHarperThrophy,
_c1986.
300 _a1v. (unp.) ; ill.
440 _aReading Rainbow Book
520 _aA survey of the many kinds of shoes in the world concludes that the best of all are the perfect natural shoes that are your feet
650 _aShoes-Fiction
650 _aFoot-Fiction
650 _aStories in rhyme
999 _c103932
_d103932